1575 1024 1649 1671 1701 1010 1071 1665 1059 1871 1735 1408 1126 1999 1683 1501 1691 1715 1096 1936 1937 1219 1027 1869 1002 1928 1816 1254 1476 1851 1913 1417 1878 1944 1517 1772 1825 1462 1874 1940 1070 1614 1202 1828 1120 1837 1031 1636 1385 1884 1459 1356 1645 1136 1149 1395 1943 1106 1877 1823 1614 1028 1913 1554 1244 1200 1091 1987 1375 1255 1198 1745 1659 1285 1786 1532 1768 1043 1225 1979 1034 1173 1736 1862 1283 1635 1767 1623 1231 1961 1016 1416 1053 1465 1057 1749 1623 1217 1081 BCNSPRNW ULIB Ver.6.0+V

เปลี่ยนเป็นภาษาไทย

Change to English
 แสดงรายละเอียดบรรณานุกรม
  กลับหน้าหลัก

Brief Record : Get Marc (ISO 2709) : E-mail record : QR code < ปิดหน้าต่าง
LEADER : 00000nam 2200000uu 4500
001    13399122629
003     ULIB
008    130820s2553||||th 000 0 tha d
020    ^a9789746724487
060  4 ^aWH155^bส628ภ
100 0  ^aสาคร พรประเสริฐ
245 10 ^aภาวะโลหิตจางและการตรวจวินิจฉัยทางห้องปฏิบัติการ /^cสาคร พรประเสริฐ
250    ^aพิมพ์ครั้งที่ 2
260    ^aกรุงเทพฯ :^bดาราวรรณการพิมพ์,^c2553
300    ^a126 หน้า :^bภาพประกอบ
650  7 ^aเลือดจาง^xการวินิจฉัยโรค
650  7 ^aเลือดจาง^xการวินิจฉัยโรคทางห้องปฏิบัติการ
945    ^p145^l0^i20078
945    ^p145^l0^i20079
945    ^p145^l0^i20080
945    ^p145^l0^i20081
999    ^aกัณชพร
รายการนี้ยังไม่มีแท็ก
คุณยังไม่ได้ล็อกอิน คุณสามารถมีกิจกรรมร่วมกับเว็บไซต์ได้ แต่ต้องล็อกอินก่อน ::
  ล็อกอิน

รายการสื่อสารสนเทศ

ลำดับที่ ประเภท เลขเรียก/บาร์โค้ด สถานที่ สถานะ
1. วิทยาศาสตร์การแพทย์ และสุขภาพ
วิทยาศาสตร์การแพทย์ และสุขภาพ
สถานะ=หนังสือเก่า
WH155 ส628ภ ฉ.1 
  Barcode: 20078
ห้องสมุดวิทยาเขตนครสวรรค์
►ส่วนจัดเก็บหนังสือเก่า นว.
บนชั้น
  ขอยืม
2. วิทยาศาสตร์การแพทย์ และสุขภาพ
วิทยาศาสตร์การแพทย์ และสุขภาพ
สถานะ=หนังสือเก่า
WH155 ส628ภ ฉ.2 
  Barcode: 20079
ห้องสมุดวิทยาเขตนครสวรรค์
►ส่วนจัดเก็บหนังสือเก่า นว.
บนชั้น
  ขอยืม
3. วิทยาศาสตร์การแพทย์ และสุขภาพ
วิทยาศาสตร์การแพทย์ และสุขภาพ
สถานะ=หนังสือเก่า
WH155 ส628ภ ฉ.3 
  Barcode: 20080
ห้องสมุดวิทยาเขตนครสวรรค์
►ส่วนจัดเก็บหนังสือเก่า นว.
บนชั้น
  ขอยืม
4. วิทยาศาสตร์การแพทย์ และสุขภาพ
วิทยาศาสตร์การแพทย์ และสุขภาพ
สถานะ=หนังสือเก่า
WH155 ส628ภ ฉ.4 
  Barcode: 20081
ห้องสมุดวิทยาเขตนครสวรรค์
►ส่วนจัดเก็บหนังสือเก่า นว.
บนชั้น
  ขอยืม

รายการใกล้เคียง
    ผู้แต่ง [สาคร พรประเสริฐ]

BibComment


ยังไม่เคยถูกคอมเมนท์

คอมเมนท์ทรัพยากรรายการนี้
  คอมเมนท์: ภาวะโลหิตจางและก..


 Copyright 2026. Bcnsprnw @Library